| 000 | 004910000a22001690004500 | ||
|---|---|---|---|
| 003 | LK-CoMWRAF | ||
| 005 | 20240527131941.0 | ||
| 008 | 230817t1978 ||||| |||| 00| 0 eng d | ||
| 040 |
_aLK-CoMWRAF _dLK-CoMWRAF _eLK-CoMWRAF |
||
| 041 | _aeng | ||
| 082 |
_a376 _bWOM |
||
| 245 | _aWomen and Education in Japan | ||
| 260 |
_a[Japan]: _b Ministry of Education, Science and Culture, Social Education Bureau, _c1978 |
||
| 300 | _a32 p., photos | ||
| 650 | _aEDUCATION OF WOMEN-Japan | ||
| 942 | _cBK | ||
| 999 |
_c1890 _d1890 |
||